| 000 | 00498nam a2200169 i 4500 | ||
|---|---|---|---|
| 001 | 52667 | ||
| 003 | ES-MaACL | ||
| 005 | 20230906162625.0 | ||
| 007 | t| | ||
| 008 | 030902s1965 sp ||||1| spa d | ||
| 100 | 1 |
_aDeacon, G. E. R. _943087 |
|
| 245 | 1 | 0 |
_aOcéanos / _cG.E.R. Deacon ; [versión María Teresa Gispert]. |
| 260 |
_aBarcelona : _bLuis de Caralt, _c[1965] |
||
| 300 |
_a297 p. : _bil. ; _c29 cm. |
||
| 700 | 1 |
_aGispert, María Teresa. _957346 |
|
| 852 |
_aES-MaACL _jC-30093 _bR.60477 |
||
| 999 |
_c52667 _d52667 |
||